| 000 | 00702cam a22002533a 4500 | ||
|---|---|---|---|
| 001 | 23502 | ||
| 003 | PGUSA | ||
| 005 | 20140828083512.0 | ||
| 008 | 071115s2007||||xxu|||||s|||||000 1 eng d | ||
| 040 |
_aPGUSA _beng |
||
| 042 | _adc | ||
| 050 | 4 | _aPZ | |
| 100 | 1 |
_aFenn, George Manville, _d1831-1909 |
|
| 245 | 1 | 4 |
_aThe New Forest Spy _h[electronic resource] / _cGeorge Manville Fenn |
| 260 |
_bProject Gutenberg, _c2007 |
||
| 506 | _aPublic domain in the USA. | ||
| 516 | _aElectronic text | ||
| 653 | _aSpy stories | ||
| 653 | _aBoys -- Juvenile fiction | ||
| 700 | 1 | _aEvans, W. D. E. | |
| 830 | 0 |
_aProject Gutenberg _v23502 |
|
| 856 | 4 | 0 | _uhttp://www.gutenberg.org/ebooks/23502 |
| 942 | _cEB | ||
| 999 |
_c252757 _d252757 |
||